000 00496cam a2200193ua 4500
020 _a0 07 033302 5
041 _aeng
_h
082 _a028.71621
_bKAR/PD
100 _aKarassik, Igor J .
245 _aPump hand book /
_cIgor J Karassik.
_hTextual Documents
250 _a2 /
_b.
260 _aNew York :
_bMcGraw Hill Book Company ,
_c1985.
300 _a ; .
504 _a
700 1 _aFrazer, Warren H .
700 1 _aKrutzsch, William C .
942 _cBK
999 _c5420
_d5420